Alle Helfertrophäen in der Super Smash Bros.-Reihe - Statistiken

Allgemein
  • Dieses Quiz wurde 6 mal gespielt
  • Das Durchschnittsergebnis liegt bei 24 aus 75
Antwortstatistiken
Antwort % Korrekt
Waluigi
100%
Alucard
80%
Knuckles
80%
Metroid
80%
Shadow
80%
Spring Man
80%
Ashley
60%
Dämon
60%
Geister
60%
Hammer-Bruder
60%
Horror Kid
60%
Klaptrap
60%
Krystal
60%
Little Mac
60%
Mond
60%
Nintendog
60%
Schwarzer Ritter
60%
Steinblock
60%
Tingle
60%
Andross
40%
Arcade-Hase
40%
Bomberman
40%
Dunkle Samus
40%
Gemeiner Schnapper
40%
Ghirahim
40%
Isaac
40%
Jeff
40%
Knuckle Joe
40%
Koch Kawasaki
40%
Lyn
40%
Melinda
40%
Midna
40%
Mother Brain
40%
Nikki
40%
Rathalos
40%
Riki
40%
Sheriff
40%
Shovel Knight
40%
Starman
40%
Vince
40%
Akira
20%
Albtraum-Zauberer
20%
Dr. Kawashima
20%
Dr. Wright
20%
Fosfora
20%
Gray Fox
20%
Käpten
20%
Kat und Ana
20%
Kettenhund
20%
Rodin
20%
Samurai Goroh
20%
Sea Sirens
20%
Starfy
20%
Tiki
20%
Wily-Kapsel
20%
Zero
20%
Barbara
0%
Color TV-Game 15
0%
Dillon
0%
Elec Man
0%
Excitebikes
0%
Guile
0%
Helirin
0%
Infanterie und Panzer
0%
Jill und Drilldozer
0%
Lakitu und Stachi
0%
Magnus
0%
Mücken und Händchen
0%
Princé of Sable
0%
Ray MK III
0%
Saki Amamiya
0%
Signor Resetti
0%
Sukapon
0%
Takamaru
0%
Yuri Kozukata
0%
Keine übereinstimmenden Quizze gefunden
Verteilung der Resultate
Anzahl Personen mit jedem Resultat
Perzentil nach korrekt beantworteten Fragen
Ihre Resultats-Entwicklung
Sie haben dieses Quiz noch nicht gespielt